000 00326nam a22001337a 4500
008 171017b xxu||||| |||| 00| 0 eng d
020 _a9780393928815
041 _aeng
080 _27 ED
_a330.101.542
100 _a52
101 _aMIK
245 _aWORKOUTS IN INTERMEDIATE MICROECONOMIS
_cVARIAN.H.R
942 _2udc
_cBK
999 _c34414
_d34414